[Event "IMSA Masters Blitz Women"]
[Site "Hengshui CHN"]
[Date "2019.05.18"]
[Round "17.7"]
[White "Zhao, Xue"]
[Black "Ushenina, Anna"]
[Result "0-1"]
[WhiteTitle "GM"]
[BlackTitle "GM"]
[WhiteElo "2485"]
[BlackElo "2442"]
[WhiteFideId "8601283"]
[BlackFideId "14110911"]
[EventDate "2019.05.17"]

1. Nf3 d5 2. c4 dxc4 3. Qa4+ Nc6 4. Qxc4 e5 5. g3 Be6 6. Qa4 Qd7 7. Bg2 Nf6 8.
Nc3 h6 9. O-O Be7 10. b4 e4 11. b5 Nb4 12. Nxe4 Nxe4 13. a3 Nc5 14. Qxb4 Nb3 15.
Qc3 Bf6 16. Ne5 Qxb5 17. d4 Nxa1 18. Qxa1 O-O 19. e3 Bxe5 20. dxe5 Bd5 21. e4
Bc4 22. Re1 Rad8 23. Bb2 Be6 24. Bc3 b6 25. a4 Qb3 26. Rb1 Qa2 27. Qxa2 Bxa2 28.
Ra1 Bc4 29. f4 a5 30. Be1 Bd3 31. Kf2 Rd4 32. Ke3 c5 33. Bc3 Rdd8 34. f5 Bc4 35.
Kf4 Rd3 36. Be1 Rfd8 37. Bf3 g5+ 38. fxg6 fxg6 39. Be2 Rf8+ 40. Kg4 Be6+ 41. Kh4
Re3 0-1

[Event "IMSA Masters Blitz Women"]
[Site "Hengshui CHN"]
[Date "2019.05.18"]
[Round "17.8"]
[White "Bodnaruk, Anastasia"]
[Black "Dzagnidze, Nana"]
[Result "1-0"]
[WhiteTitle "IM"]
[BlackTitle "GM"]
[WhiteElo "2431"]
[BlackElo "2510"]
[WhiteFideId "4181751"]
[BlackFideId "13601903"]
[EventDate "2019.05.17"]

1. e4 e6 2. d4 d5 3. Nc3 Bb4 4. e5 c5 5. a3 Ba5 6. b4 cxd4 7. Nb5 Bc7 8. f4 Bd7
9. Nxd4 Ba4 10. Ngf3 Ne7 11. Bd3 Nbc6 12. Be3 Bb6 13. Qe2 Nxd4 14. Nxd4 O-O 15.
O-O Rc8 16. Kh1 a6 17. Rf3 g6 18. g4 Nc6 19. c3 Nxd4 20. cxd4 Rc3 21. f5 Qc8 22.
fxe6 fxe6 23. Raf1 Rxf3 24. Qxf3 Qe8 25. Bh6 Rc8 26. Qf6 1-0

[Event "IMSA Masters Blitz Women"]
[Site "Hengshui CHN"]
[Date "2019.05.18"]
[Round "18.2"]
[White "Abdumalik, Zhansaya"]
[Black "Koneru, Humpy"]
[Result "1-0"]
[WhiteTitle "IM"]
[BlackTitle "GM"]
[WhiteElo "2464"]
[BlackElo "2553"]
[WhiteFideId "13703544"]
[BlackFideId "5008123"]
[EventDate "2019.05.17"]

1. e4 e5 2. Nf3 Nf6 3. Nxe5 d6 4. Nf3 Nxe4 5. Nc3 Nxc3 6. dxc3 Be7 7. Be3 O-O 8.
Qd2 Nd7 9. O-O-O c6 10. Kb1 Re8 11. h4 d5 12. Bd3 Bc5 13. Bf4 Nf6 14. c4 Qb6 15.
h5 dxc4 16. Bxc4 Ne4 17. Qd3 Bf5 18. Ng5 Re7 19. g4 Rd7 20. Bxf7+ Kf8 21. Nxh7+
Kxf7 22. Qc4+ Rd5 23. gxf5 Nf6 24. Nxf6 Kxf6 25. Rxd5 cxd5 26. Qxd5 Re8 27. Rg1
Re2 28. Rg6+ 1-0

[Event "IMSA Masters Blitz Women"]
[Site "Hengshui CHN"]
[Date "2019.05.18"]
[Round "18.6"]
[White "Muzychuk, Mariya"]
[Black "Stefanova, Antoaneta"]
[Result "1-0"]
[WhiteTitle "GM"]
[BlackTitle "GM"]
[WhiteElo "2563"]
[BlackElo "2470"]
[WhiteFideId "14114550"]
[BlackFideId "2902257"]
[EventDate "2019.05.17"]

1. e4 e5 2. Nf3 Nc6 3. d4 exd4 4. Nxd4 Qf6 5. Be3 Bc5 6. c3 Nge7 7. Bc4 b6 8.
O-O Bb7 9. f4 O-O 10. e5 Qh6 11. Qd2 Bxd4 12. cxd4 Nf5 13. Nc3 Nce7 14. d5 d6
15. Rae1 Nxe3 16. Rxe3 dxe5 17. fxe5 Rad8 18. Rd3 Qxd2 19. Rxd2 Ng6 20. Re1 Rfe8
21. e6 fxe6 22. Rxe6 Kh8 23. Rde2 Rxe6 24. Rxe6 a6 25. a4 Nf4 26. Re7 h5 27.
Rxc7 Bxd5 28. Nxd5 Nxd5 29. Rc6 Nf4 30. Rxb6 Rd1+ 31. Kf2 a5 32. g3 Nh3+ 33. Ke3
Rh1 34. Rb8+ Kh7 35. Bd3+ Kh6 36. Rb6+ Kg5 37. Rg6# 1-0

[Event "IMSA Masters Blitz Women"]
[Site "Hengshui CHN"]
[Date "2019.05.18"]
[Round "19.2"]
[White "Lei, Tingjie"]
[Black "Abdumalik, Zhansaya"]
[Result "1/2-1/2"]
[WhiteTitle "GM"]
[BlackTitle "IM"]
[WhiteElo "2507"]
[BlackElo "2464"]
[WhiteFideId "8605114"]
[BlackFideId "13703544"]
[EventDate "2019.05.17"]

1. d4 Nf6 2. c4 g6 3. g3 Bg7 4. Bg2 d6 5. Nf3 Nbd7 6. O-O O-O 7. Qc2 e5 8. Rd1
Qe7 9. Nc3 c6 10. b3 Re8 11. e3 a5 12. Ba3 exd4 13. exd4 Bf8 14. d5 c5 15. Nb5
Nb6 16. Re1 Qd8 17. Nh4 Bd7 18. Nc3 a4 19. Rad1 axb3 20. Qxb3 Ra6 21. Nf3 Bg7
22. Rxe8+ Qxe8 23. Re1 Qa8 24. Bb2 Ng4 25. Nd2 Ne5 26. Bf1 g5 27. a3 h6 28. Nce4
Na4 29. Ba1 Rb6 30. Qc2 Bf5 31. Bg2 Bg6 32. f4 gxf4 33. gxf4 Nd7 34. Bxg7 Kxg7
35. Qd1 Nb2 36. Qf3 Qd8 37. f5 Ne5 38. Qg3 Nbd3 39. fxg6 Nxe1 40. gxf7+ Kxf7 41.
Qxe1 Qg8 42. Qf2+ Ke7 43. h3 Qg6 44. Kh2 Rb2 45. Qf4 b6 46. a4 Ra2 47. Qh4+ Kd7
48. Qf4 Ke7 49. Qf1 Rxa4 50. Qb1 Rb4 51. Qa1 Qh5 52. Qa7+ Kf8 53. Qb8+ Kg7 54.
Qxd6 Nf7 55. Qg3+ Qg6 56. Qxg6+ Kxg6 57. d6 Rb2 58. d7 b5 59. cxb5 Rxb5 60. Nc4
Rb4 61. Ncd6 Nd8 62. Nxc5 Rd4 63. Nde4 Kf7 64. Kg3 Ke7 65. Kf4 Nf7 66. Ke3 Rd1
67. Bf3 Rc1 68. Bg4 Ra1 69. Bf5 Ra3+ 70. Kf4 Ra7 71. h4 Ra1 72. Nb7 Rf1+ 73. Kg4
Ne5+ 74. Kg3 Nxd7 75. Bxd7 Kxd7 76. Nbc5+ Ke7 77. Nf2 Kf6 78. Nce4+ Kg6 79. Kg2
Ra1 80. Kf3 Ra8 81. Nh3 Ra3+ 82. Kg2 Kf5 83. Nef2 Rb3 84. Ng1 Ra3 85. Ne2 Kf6
86. Ng3 Kg6 87. Kh3 Rb3 88. Kg4 Rb4+ 89. Nfe4 h5+ 90. Kf4 Ra4 91. Nf5 Rb4 92.
Ne7+ Kh6 93. Ke5 Rb1 94. Kf6 Rf1+ 95. Nf5+ Kh7 96. Ng5+ Kh8 97. Kg6 Rf4 98. Nd6
Rxh4 99. Ngf7+ Kg8 100. Nf5 Rg4+ 101. Kf6 Kf8 102. Ne5 Rf4 103. Ng6+ Ke8 104.
Nxf4 h4 105. Nxh4 Kd7 106. Ke5 Kc6 107. Nf3 Kc5 108. Nd4 Kc4 109. Ke4 Kc5 110.
Nfe2 Kc4 111. Nc1 Kc5 112. Ndb3+ Kc4 113. Nd2+ Kc5 114. Nd3+ Kd6 115. Kd4 Ke6
116. Ne4 Kf5 117. Ke3 Ke6 118. Kf4 Kd5 119. Ke3 Ke6 120. Nc3 Kf5 121. Kf3 Ke6
122. Ke4 Kd6 123. Ne2 Ke6 124. Nef4+ Kd6 125. Kd4 Kc6 126. Nd5 Kd6 127. Ne3 Ke6
128. Nc5+ Kd6 1/2-1/2

[Event "IMSA Masters Blitz Women"]
[Site "Hengshui CHN"]
[Date "2019.05.18"]
[Round "19.4"]
[White "Koneru, Humpy"]
[Black "Ushenina, Anna"]
[Result "1-0"]
[WhiteTitle "GM"]
[BlackTitle "GM"]
[WhiteElo "2553"]
[BlackElo "2442"]
[WhiteFideId "5008123"]
[BlackFideId "14110911"]
[EventDate "2019.05.17"]

1. d4 d5 2. c4 e6 3. Nc3 a6 4. cxd5 exd5 5. Nf3 c6 6. Qc2 Bd6 7. Bg5 Ne7 8. e3
f6 9. Bh4 Bf5 10. Bd3 Bxd3 11. Qxd3 O-O 12. Bg3 b5 13. Rc1 a5 14. O-O Bxg3 15.
hxg3 Nd7 16. Ne2 Nb6 17. Nf4 Qd6 18. g4 a4 19. g3 Nc4 20. Rc2 b4 21. g5 b3 22.
axb3 axb3 23. Qxb3 fxg5 24. Nxg5 h6 25. Ngh3 Rfb8 26. Qc3 Qb4 27. Nd3 Qxc3 28.
Rxc3 Nxb2 29. Ne5 Ra6 30. Rb1 g5 31. Rc2 Rab6 32. Nd7 Nc4 33. Nxb6 Rxb6 34. Rxb6
Nxb6 35. g4 Nc4 36. Kg2 Kf7 37. Ng1 Ng6 38. Nf3 Ke6 39. Ra2 Ne7 40. Nd2 Nd6 41.
Ra6 Ng8 42. Rxc6 Nf6 43. f3 Kd7 44. Ra6 h5 45. gxh5 Nxh5 46. Ra5 Ke6 47. Kf2 Nf6
48. Ra6 Ke7 49. Nb3 g4 50. Nc5 gxf3 51. Kxf3 Nc4 52. Ra7+ Kd6 53. Ra6+ Ke7 54.
Nd3 Ne4 55. Nf4 Nf6 56. Re6+ Kf7 57. Rc6 Nd2+ 58. Ke2 Nde4 59. Ra6 Ng3+ 60. Kd3
Nge4 61. Ra5 Nf2+ 62. Ke2 1-0

[Event "IMSA Masters Blitz Women"]
[Site "Hengshui CHN"]
[Date "2019.05.18"]
[Round "19.5"]
[White "Harika, Dronavalli"]
[Black "Muzychuk, Mariya"]
[Result "0-1"]
[WhiteTitle "GM"]
[BlackTitle "GM"]
[WhiteElo "2492"]
[BlackElo "2563"]
[WhiteFideId "5015197"]
[BlackFideId "14114550"]
[EventDate "2019.05.17"]

1. Nf3 c5 2. b3 Nc6 3. Bb2 d5 4. e3 Nf6 5. Bb5 Bd7 6. O-O g6 7. a4 Bg7 8. d3 O-O
9. Nbd2 Qc7 10. Bxc6 Bxc6 11. Be5 Qd7 12. d4 cxd4 13. exd4 e6 14. Re1 Ne8 15.
Bxg7 Kxg7 16. Qe2 Qc7 17. Nf1 Nf6 18. Ng3 Rac8 19. Rac1 Qd6 20. Qe3 Bd7 21. Ne5
Rc7 22. h4 h5 23. c4 dxc4 24. bxc4 Bxa4 25. Ra1 b5 26. c5 Qd5 27. c6 Rd8 28. Ne2
Bc2 29. Rec1 Bf5 30. Rc5 Qd6 31. f3 Nd5 32. Qd2 Ne7 33. Qe3 Nxc6 34. Rac1 Rdc8
35. Qc3 b4 36. Qc4 Nxe5 37. dxe5 Qxc5+ 38. Qxc5 Rxc5 0-1

[Event "IMSA Masters Blitz Women"]
[Site "Hengshui CHN"]
[Date "2019.05.18"]
[Round "19.8"]
[White "Dzagnidze, Nana"]
[Black "Khotenashvili, Bela"]
[Result "1-0"]
[WhiteTitle "GM"]
[BlackTitle "GM"]
[WhiteElo "2510"]
[BlackElo "2476"]
[WhiteFideId "13601903"]
[BlackFideId "13602640"]
[EventDate "2019.05.17"]

1. Nf3 g6 2. c4 c5 3. Nc3 Bg7 4. e3 Nf6 5. d4 cxd4 6. exd4 O-O 7. Bg5 h6 8. Be3
d5 9. Be2 Nc6 10. Ne5 Be6 11. Nxc6 bxc6 12. c5 Bf5 13. O-O Ne4 14. Nxe4 Bxe4 15.
b4 a5 16. b5 cxb5 17. Bxb5 Kh7 18. a4 e5 19. Rc1 Qc7 20. dxe5 Bxe5 21. g3 Qd8
22. f3 Bf5 23. Bd4 Bxd4+ 24. Qxd4 Be6 25. Rfe1 Qg5 26. Kg2 Rac8 27. Rc2 Qf5 28.
Rce2 Rfd8 29. Re5 Qf6 30. c6 Rc7 31. f4 Qg7 32. Rd1 Rdc8 33. Re3 Qxd4 34. Rxd4
Kg7 35. Kf3 Kf6 36. g4 h5 37. h3 hxg4+ 38. hxg4 Rxc6 39. Bxc6 Rxc6 40. Rb3 Rc1
41. Rb6 Rc3+ 42. Kf2 Ke7 43. f5 gxf5 44. gxf5 Bxf5 45. Rxd5 Be6 46. Rxa5 Rc2+
47. Ke1 Ra2 48. Ra7+ Kf6 49. a5 Ke5 50. a6 Bc4 51. Re7+ Kd4 52. a7 Kc5 53. Rb8
Bd5 54. Rc7+ Kd6 55. Rbc8 Be4 56. Rxf7 Bd5 57. Rg7 Be4 58. Rb8 Bd5 59. Kd1 Be4
60. Kc1 Ke6 61. Re8+ Kf6 62. Rc7 Bd5 63. Kb1 Ra4 64. Kb2 Kf5 65. Kc3 Kf6 66. Rd8
Ke6 67. Kb2 Bf3 68. Rd3 Bd5 69. Ra3 1-0

[Event "IMSA Masters Blitz Women"]
[Site "Hengshui CHN"]
[Date "2019.05.18"]
[Round "20.5"]
[White "Muzychuk, Mariya"]
[Black "Harika, Dronavalli"]
[Result "0-1"]
[WhiteTitle "GM"]
[BlackTitle "GM"]
[WhiteElo "2563"]
[BlackElo "2492"]
[WhiteFideId "14114550"]
[BlackFideId "5015197"]
[EventDate "2019.05.17"]

1. e4 e6 2. d4 d5 3. exd5 exd5 4. Nf3 Nf6 5. h3 Bd6 6. Bd3 O-O 7. O-O h6 8. c4
c6 9. Nc3 dxc4 10. Bxc4 Nbd7 11. Re1 Nb6 12. Bb3 Bf5 13. Ne5 Nbd5 14. Qf3 Bh7
15. Bd2 Bc7 16. Re2 a5 17. a4 Nb4 18. Rae1 Nfd5 19. Nxd5 Nxd5 20. Bxd5 Qxd5 21.
Qxd5 cxd5 22. Bc3 Rfe8 23. Nd7 Rxe2 24. Rxe2 Bf5 25. Ne5 f6 26. Nf3 Kf7 27. Nd2
Bd7 28. b3 Bd6 29. g4 b6 30. Kg2 Rc8 31. Re3 Bf4 32. Rf3 g5 33. Nf1 h5 34. gxh5
Rh8 35. Ng3 Be6 36. Ne2 Bd6 37. Bd2 Rxh5 38. Nc3 Kg6 39. Nb5 Bb8 40. b4 Bf5 41.
Rb3 Be4+ 42. Kg1 Bc2 43. Ra3 axb4 44. Bxb4 Rh4 45. a5 bxa5 46. Bxa5 Bf5 47. Kg2
Be4+ 48. Kg1 g4 49. hxg4 Rh1# 0-1

[Event "IMSA Masters Blitz Women"]
[Site "Hengshui CHN"]
[Date "2019.05.18"]
[Round "20.8"]
[White "Khotenashvili, Bela"]
[Black "Dzagnidze, Nana"]
[Result "1/2-1/2"]
[WhiteTitle "GM"]
[BlackTitle "GM"]
[WhiteElo "2476"]
[BlackElo "2510"]
[WhiteFideId "13602640"]
[BlackFideId "13601903"]
[EventDate "2019.05.17"]

1. Nf3 Nf6 2. g3 b6 3. Bg2 Bb7 4. c4 c5 5. Nc3 e6 6. d3 g6 7. O-O Bg7 8. e4 d6
9. Nh4 Nc6 10. f4 O-O 11. Nf3 Ne8 12. Be3 Nd4 13. Rb1 f5 14. exf5 Nxf5 15. Bf2
Nf6 16. Ng5 Bxg2 17. Kxg2 Qd7 18. Nce4 d5 19. Nxf6+ Bxf6 20. Nf3 Rae8 21. Re1
Qc6 22. Kg1 h5 23. Ne5 Bxe5 24. Rxe5 Rd8 25. Qf3 Rd6 26. Rbe1 dxc4 27. Qxc6 Rxc6
28. dxc4 Kf7 29. Rd1 Rd6 30. Rxd6 Nxd6 31. b3 Rd8 32. h3 Nf5 33. g4 Rd1+ 34. Kg2
hxg4 35. hxg4 Ne7 36. Re2 Nc6 37. Kf3 Nb4 38. Be1 Nc6 39. Bf2 Rd3+ 40. Ke4 Rd1
41. Be3 Kf6 42. Rh2 Kg7 43. Bd2 Kg8 44. Bc3 Nd4 45. g5 Kg7 46. Rd2 Rxd2 47. Bxd2
Nc6 48. Bc3+ Kf7 49. Ke3 Ke7 50. Ke4 Kd6 51. a3 Kd7 52. Ke3 a6 53. a4 Ne7 54.
Ke4 Nc6 55. Ke3 Kd6 56. Ke4 Ke7 57. Bf6+ Kd6 58. Bc3 Kd7 59. Ke3 Kd6 1/2-1/2

[Event "IMSA Masters Blitz Women"]
[Site "Hengshui CHN"]
[Date "2019.05.18"]
[Round "21.2"]
[White "Zhao, Xue"]
[Black "Lei, Tingjie"]
[Result "0-1"]
[WhiteTitle "GM"]
[BlackTitle "GM"]
[WhiteElo "2485"]
[BlackElo "2507"]
[WhiteFideId "8601283"]
[BlackFideId "8605114"]
[EventDate "2019.05.17"]

1. Nf3 d5 2. d4 Nf6 3. Bf4 c5 4. e3 e6 5. c3 Qb6 6. Qb3 c4 7. Qc2 Nc6 8. Nbd2
Bd7 9. h3 Be7 10. Be2 O-O 11. O-O a5 12. b3 cxb3 13. axb3 Rfc8 14. Rfc1 Qd8 15.
e4 Nxe4 16. Nxe4 dxe4 17. Qxe4 g6 18. Bd3 Bf6 19. Qe2 Bg7 20. Nd2 Ne7 21. Ne4
Nd5 22. Bg5 f6 23. Bd2 b6 24. h4 Be8 25. h5 Bf7 26. Qf3 g5 27. h6 Bxh6 28. c4
Nf4 29. Bf1 f5 30. Ng3 g4 31. Qc3 Qf6 32. Be3 Nh3+ 33. gxh3 f4 34. Ne4 Qg6 35.
Bd2 gxh3+ 36. Kh2 Qxe4 37. Bg2 Qxg2# 0-1

[Event "IMSA Masters Blitz Women"]
[Site "Hengshui CHN"]
[Date "2019.05.18"]
[Round "21.6"]
[White "Ushenina, Anna"]
[Black "Stefanova, Antoaneta"]
[Result "1-0"]
[WhiteTitle "GM"]
[BlackTitle "GM"]
[WhiteElo "2442"]
[BlackElo "2470"]
[WhiteFideId "14110911"]
[BlackFideId "2902257"]
[EventDate "2019.05.17"]

1. d4 d5 2. c4 c6 3. Nf3 e6 4. Qc2 dxc4 5. Qxc4 Nf6 6. Bg5 Nbd7 7. e3 Qb6 8. Qc2
c5 9. Nc3 cxd4 10. Nxd4 Bc5 11. Rd1 O-O 12. Be2 h6 13. Bh4 Be7 14. O-O Ne5 15.
Ne4 Nd5 16. Bxe7 Nxe7 17. Qb3 Qxb3 18. Nxb3 Nd5 19. Rc1 Bd7 20. Nec5 Bc8 21.
Rfd1 b6 22. Ne4 Rd8 23. f4 Ng6 24. Bf3 Bb7 25. Kf2 Nge7 26. g4 f5 27. Ng3 g6 28.
Nd4 Kf7 29. h4 Rac8 30. Rxc8 Rxc8 31. h5 Rc7 32. hxg6+ Kxg6 33. gxf5+ exf5 34.
Rd2 a6 35. a3 b5 36. Bg2 h5 37. Bh3 Bc8 38. Ndxf5 Nxf5 39. Nxf5 Bxf5 40. Bxf5+
Kxf5 41. Rxd5+ Ke4 42. Rd4+ Kf5 43. Kf3 Rc2 44. Rd5+ Kg6 45. b4 Rc3 46. Rd6+ Kf5
47. Rxa6 h4 48. Ra5 h3 49. Rxb5+ Kg6 50. Rg5+ Kh6 51. Rg3 Rxa3 52. Rxh3+ Kg6 53.
Rg3+ Kf6 54. Rg5 Rb3 55. b5 Ke6 56. Rh5 Kf6 57. Rc5 Ke6 58. Re5+ Kf6 59. Kg4 Rb1
60. Rc5 Rg1+ 61. Kf3 Rb1 62. Ke4 Rb4+ 63. Kd3 Rb3+ 64. Kd4 Rb4+ 65. Kd5 Rb3 66.
e4 Rd3+ 67. Kc6 Rf3 68. f5 Re3 69. b6 Rxe4 70. b7 1-0

[Event "IMSA Masters Blitz Women"]
[Site "Hengshui CHN"]
[Date "2019.05.18"]
[Round "21.7"]
[White "Muzychuk, Mariya"]
[Black "Gunina, Valentina"]
[Result "1-0"]
[WhiteTitle "GM"]
[BlackTitle "GM"]
[WhiteElo "2563"]
[BlackElo "2506"]
[WhiteFideId "14114550"]
[BlackFideId "4167570"]
[EventDate "2019.05.17"]

1. e4 c6 2. d4 d5 3. Nc3 dxe4 4. Nxe4 Bf5 5. Ng3 Bg6 6. h4 h6 7. Nf3 Nd7 8. h5
Bh7 9. Bd3 Bxd3 10. Qxd3 e6 11. Bd2 Ngf6 12. O-O-O Bd6 13. Ne4 Nxe4 14. Qxe4 Nf6
15. Qe2 Qc7 16. Ne5 O-O-O 17. g4 Kb8 18. Kb1 Ka8 19. f4 c5 20. dxc5 Bxc5 21. Be3
Bd6 22. Bd4 Nd5 23. Rhf1 f6 24. Nd3 Rhe8 25. Qf2 e5 26. fxe5 fxe5 27. Bc5 e4 28.
Bxd6 Rxd6 29. Rfe1 Qd7 30. Qe2 Re7 31. Nc5 Qc6 32. Nxe4 Rxe4 33. Qxe4 Nc3+ 34.
bxc3 Qxe4 35. Rxe4 Rxd1+ 36. Kb2 a6 37. Re7 Rg1 38. Rxg7 Kb8 39. c4 Rg3 40. c3
Rg1 41. c5 Re1 42. Rg6 Re4 43. Kc2 Ra4 44. Kd3 Rf4 45. Rxh6 Rxg4 46. Rh8+ Kc7
47. h6 Rh4 48. Ke3 Kc6 49. h7 Kc7 50. c6 Rh3+ 51. Kf4 Rh1 52. cxb7 Kxb7 53. c4
Rf1+ 54. Ke4 Re1+ 55. Kd3 Rd1+ 56. Kc2 Rh1 57. c5 Rh6 58. Kd3 Rh3+ 59. Ke4 Rh4+
60. Kf3 Rh1 61. c6+ 1-0

[Event "IMSA Masters Blitz Women"]
[Site "Hengshui CHN"]
[Date "2019.05.18"]
[Round "21.8"]
[White "Khotenashvili, Bela"]
[Black "Paehtz, Elisabeth"]
[Result "0-1"]
[WhiteTitle "GM"]
[BlackTitle "IM"]
[WhiteElo "2476"]
[BlackElo "2470"]
[WhiteFideId "13602640"]
[BlackFideId "4641833"]
[EventDate "2019.05.17"]

1. Nf3 Nf6 2. g3 g6 3. b3 Bg7 4. Bb2 O-O 5. Bg2 a5 6. a4 d5 7. d4 c6 8. O-O Na6
9. Nbd2 Bf5 10. Nh4 Bg4 11. h3 Bd7 12. Re1 Qc8 13. Kh2 g5 14. Nhf3 g4 15. hxg4
Nxg4+ 16. Kg1 f5 17. e3 e6 18. Ne5 Bxe5 19. dxe5 Qe8 20. f3 Nh6 21. Kf2 Qg6 22.
Rh1 Nb4 23. Bd4 Rf7 24. Nf1 Na6 25. Bb6 Nb4 26. c3 Na6 27. Bxa5 c5 28. b4 cxb4
29. cxb4 Rc8 30. Ra2 Rff8 31. Rd2 Rc4 32. Rd4 Rfc8 33. Rxc4 Rxc4 34. Nd2 Rc8 35.
Qb3 Nf7 36. f4 Nh6 37. Bf3 Ng4+ 38. Bxg4 fxg4 39. Rc1 Rxc1 0-1

[Event "IMSA Masters Blitz Women"]
[Site "Hengshui CHN"]
[Date "2019.05.18"]
[Round "22.2"]
[White "Lei, Tingjie"]
[Black "Zhao, Xue"]
[Result "1-0"]
[WhiteTitle "GM"]
[BlackTitle "GM"]
[WhiteElo "2507"]
[BlackElo "2485"]
[WhiteFideId "8605114"]
[BlackFideId "8601283"]
[EventDate "2019.05.17"]

1. e4 Nf6 2. e5 Nd5 3. d4 d6 4. Nf3 c6 5. c4 Nb6 6. exd6 exd6 7. Nc3 Bg4 8. b3
Be7 9. Be2 O-O 10. O-O Re8 11. Be3 N8d7 12. Qd2 Nf8 13. a4 a5 14. Rfe1 d5 15. c5
Nbd7 16. h3 Bxf3 17. Bxf3 Bf6 18. Ne2 Ne6 19. Bg4 Ndf8 20. b4 axb4 21. Qxb4 Ra7
22. a5 Qc7 23. Reb1 Rea8 24. Bf5 g6 25. Bg4 h5 26. Bf3 Ng5 27. Bxg5 Bxg5 28. g3
h4 29. gxh4 Bxh4 30. Bg4 Qe7 31. Rb3 Qf6 32. Bf3 Ne6 33. Rf1 Ng5 34. Bg2 Rxa5
35. f4 Ne4 36. Bxe4 dxe4 37. Qxb7 Ra2 38. Qxc6 Qf5 39. Re3 R8a3 40. Qe8+ Kg7 41.
Qxe4 Rxe2 1-0

[Event "IMSA Masters Blitz Women"]
[Site "Hengshui CHN"]
[Date "2019.05.18"]
[Round "22.6"]
[White "Stefanova, Antoaneta"]
[Black "Ushenina, Anna"]
[Result "1/2-1/2"]
[WhiteTitle "GM"]
[BlackTitle "GM"]
[WhiteElo "2470"]
[BlackElo "2442"]
[WhiteFideId "2902257"]
[BlackFideId "14110911"]
[EventDate "2019.05.17"]

1. d4 d5 2. Bf4 c5 3. e3 Nc6 4. Nc3 cxd4 5. exd4 Bf5 6. Nf3 e6 7. Bd3 Bg6 8.
Bxg6 hxg6 9. h3 Nf6 10. Ne2 Bd6 11. c3 Qc7 12. Bxd6 Qxd6 13. Qd2 b5 14. O-O b4
15. Qe3 bxc3 16. bxc3 O-O 17. Ne5 Rac8 18. c4 dxc4 19. Nxc4 Qd5 20. Ne5 Qe4 21.
Qxe4 Nxe4 22. Rac1 Nb4 23. f3 Nf6 24. a3 Nbd5 25. Rc5 Rb8 26. Rfc1 Rb2 27. R1c2
Rxc2 28. Rxc2 Rb8 29. Kf2 Kf8 30. g3 Ke8 31. h4 Nd7 32. f4 Nxe5 33. dxe5 Rb3 34.
Rc8+ Ke7 35. Nd4 Rxa3 36. Nb5 Ra2+ 37. Kf3 f6 38. Nd6 fxe5 39. fxe5 Ra3+ 40. Kf2
Ra2+ 41. Kf3 Ra3+ 42. Kf2 Ra2+ 43. Kf3 Ra3+ 44. Kf2 Ra2+ 1/2-1/2

[Event "IMSA Masters Blitz Women"]
[Site "Hengshui CHN"]
[Date "2019.05.18"]
[Round "22.7"]
[White "Gunina, Valentina"]
[Black "Muzychuk, Mariya"]
[Result "1-0"]
[WhiteTitle "GM"]
[BlackTitle "GM"]
[WhiteElo "2506"]
[BlackElo "2563"]
[WhiteFideId "4167570"]
[BlackFideId "14114550"]
[EventDate "2019.05.17"]

1. e4 c5 2. Nf3 Nc6 3. Bb5 Nf6 4. Bxc6 dxc6 5. d3 g6 6. O-O Bg7 7. h3 O-O 8. Nc3
Qc7 9. Be3 b6 10. a4 a5 11. Qd2 e5 12. Bh6 Rd8 13. Bxg7 Kxg7 14. b3 h6 15. Nh2
Nh5 16. Ne2 Be6 17. f4 exf4 18. Nxf4 Nxf4 19. Rxf4 Qe5 20. Raf1 Rd7 21. Nf3 Qd6
22. Qc3+ Kg8 23. Ne5 Re7 24. Rf6 Qd4+ 25. Qxd4 cxd4 26. Nxc6 Rd7 27. Ne5 Rc7 28.
Nc4 Rb8 29. Kf2 b5 30. axb5 Rxb5 31. Ra1 Bxc4 32. dxc4 Re5 33. Rf4 g5 34. Rg4
Rce7 35. h4 f5 36. exf5 Rxf5+ 37. Kg1 Re2 38. hxg5 hxg5 39. Rd1 Rxc2 40. Rdxd4
Kf7 41. Rd6 Rb2 42. Rg3 Rc5 43. Ra6 Rf5 44. Kh2 Rf4 45. Rd3 Rff2 46. Rd7+ Ke8
47. Rb7 Rxg2+ 48. Kh3 Rgd2 49. Rxa5 Rd3+ 50. Kg4 Rdxb3 51. Ra8# 1-0